[Event "Titled Tuesday intern op 17th Aug"]
[Site "Chess.com INT"]
[Date "2021.08.17"]
[Round "10"]
[White "Stoyanov, Tsvetan"]
[Black "Real de Azua, Ernesto"]
[Result "1-0"]
[WhiteElo "2383"]
[BlackElo "2440"]
[PlyCount "109"]
[EventDate "2021.08.17"]
[EventType "swiss (blitz)"]
[EventRounds "11"]
[EventCountry "USA"]
[SourceTitle "EXT 2022"]
[Source "ChessBase"]
[SourceDate "2021.10.06"]
[SourceVersion "1"]
[SourceVersionDate "2021.10.06"]
[SourceQuality "1"]

1. e4 e5 2. Nf3 Nc6 3. d4 exd4 4. Nxd4 Bc5 5. Nxc6 Qf6 6. Qf3 bxc6 7. Nd2 Ne7 8. Nb3 Bb6 9. a4 a5 10. Bd2 Ng6 11. Bc3 Qxf3 12. gxf3 f6 13. Bc4 Ne5 14. Be2 d6 15. h4 Bd7 16. h5 Ke7 17. f4 Nf7 18. Rg1 Rhg8 19. Bc4 Be6 20. Bxe6 Kxe6 21. Ke2 g5 22. hxg6 hxg6 23. Rxg6 Rxg6 24. f5+ Ke7 25. fxg6 Ne5 26. Rg1 d5 27. Nd4 Bxd4 28. Bxd4 Nd7 29. exd5 cxd5 30. Rh1 Ke6 31. Bc3 c5 32. g7 Rg8 33. Rg1 d4 34. Bxa5 Ne5 35. Bd2 c4 36. f4 d3+ 37. cxd3 cxd3+ 38. Kf2 Nc4 39. Bc3 d2 40. Ke2 Kf5 41. b3 Nd6 42. Kxd2 Ne4+ 43. Kd3 Nf2+ 44. Kc4 Ne4 45. Bd4 Kxf4 46. a5 f5 47. a6 Nd6+ 48. Kd5 Nb5 49. Be5+ Kf3 50. Kc5 Ke4 51. Kxb5 Kxe5 52. a7 f4 53. a8Q Rxa8 54. g8Q Rxg8 55. Rxg8 1-0

[Event "Titled Tuesday intern op 29th June"]
[Site "Chess.com INT"]
[Date "2021.06.29"]
[Round "1"]
[White "Buscar, Michael"]
[Black "Real de Azua, Ernesto"]
[Result "0-1"]
[WhiteElo "2088"]
[BlackElo "2440"]
[PlyCount "66"]
[EventDate "2021.06.29"]
[EventType "swiss (blitz)"]
[EventRounds "11"]
[EventCountry "USA"]
[SourceTitle "CBM 203 Extra"]
[Source "ChessBase"]
[SourceDate "2021.09.30"]
[SourceVersion "1"]
[SourceVersionDate "2021.09.30"]
[SourceQuality "1"]

1. d4 Nf6 2. c4 e6 3. Nf3 Bb4+ 4. Bd2 a5 5. g3 d6 6. Bg2 Nbd7 7. 0-0 e5 8. Nc3 0-0 9. a3 Bxc3 10. Bxc3 e4 11. Nd2 Re8 12. Qc2 e3 13. fxe3 Ng4 14. Qf5 Ndf6 15. Qg5 h6 16. Qf4 g5 17. Qf3 Rxe3 18. Rae1 h5 19. d5 Rxf3 20. exf3 Ne5 21. f4 gxf4 22. gxf4 Ng6 23. Re3 Bf5 24. Rg3 Ng4 25. h3 Qh4 26. Rff3 Re8 27. hxg4 hxg4 28. Re3 Rxe3 29. Rxe3 Bd7 30. Nf1 Nxf4 31. Be4 Nh3+ 32. Kg2 Qf2+ 33. Kh1 Qg1# 0-1

[Event "Titled Tuesday intern op 29th June"]
[Site "Chess.com INT"]
[Date "2021.06.29"]
[Round "5"]
[White "Holt, Conrad"]
[Black "Real de Azua, Ernesto"]
[Result "1-0"]
[WhiteElo "2549"]
[BlackElo "2440"]
[PlyCount "64"]
[EventDate "2021.06.29"]
[EventType "swiss (blitz)"]
[EventRounds "11"]
[EventCountry "USA"]
[SourceTitle "CBM 203 Extra"]
[Source "ChessBase"]
[SourceDate "2021.09.30"]
[SourceVersion "1"]
[SourceVersionDate "2021.09.30"]
[SourceQuality "1"]

1. d4 Nf6 2. c4 e6 3. Nc3 Bb4 4. Qc2 d6 5. Bd2 Nc6 6. Nf3 0-0 7. a3 Bxc3 8. Bxc3 Qe7 9. b4 e5 10. d5 Nb8 11. e4 a5 12. Be2 axb4 13. axb4 Rxa1+ 14. Bxa1 Na6 15. Bc3 Bg4 16. 0-0 Bh5 17. Nh4 Bxe2 18. Nf5 Qd8 19. Qxe2 g6 20. Ng3 Nd7 21. Qg4 Kh8 22. f4 Qe7 23. f5 c6 24. dxc6 bxc6 25. h4 Nc7 26. h5 g5 27. f6 Qe6 28. Qxg5 Rg8 29. Qe3 Qxc4 30. Nf5 Qe6 31. Nh6 Ra8 32. Qg5 Ne8 1-0